Drought-inhibition of photosynthesis in C3 plants: Stomatal and non-stomatal limitations revisited (Record no. 46096)

MARC details
000 -LEADER
fixed length control field 00356nam a2200121Ia 4500
100 ## - MAIN ENTRY--AUTHOR NAME
Personal name Flexas J
245 #0 - TITLE STATEMENT
Title Drought-inhibition of photosynthesis in C3 plants: Stomatal and non-stomatal limitations revisited
260 ## - PUBLICATION, DISTRIBUTION, ETC. (IMPRINT)
Name of publisher Annals of Botany
Year of publication 2002
300 ## - PHYSICAL DESCRIPTION
Number of Pages 183-189
700 ## - ADDED ENTRY--PERSONAL NAME
Personal name Medrano H
942 ## - ADDED ENTRY ELEMENTS (KOHA)
Koha item type Reprints
Holdings
Withdrawn status Lost status Damaged status Not for loan Home library Current library Date acquired Serial Enumeration / chronology Koha item type
      Reprints RRII Library RRII Library 22/12/2021 Volume 89, Issue Reprints